LIBRARY & INFORMATION CENTRE, KCAET, TAVANUR

ONLINE PUBLIC ACCESS CATALOGUE (OPAC)

Experimental stress analysis (Record no. 13779)

MARC details
000 -LEADER
fixed length control field 00303nam a22001337a 4500
020 ## - INTERNATIONAL STANDARD BOOK NUMBER
ISBN 8174091823
082 ## - DEWEY DECIMAL CLASSIFICATION NUMBER
Classification number 620.1102
Item number SIN/EX
100 ## - MAIN ENTRY--AUTHOR NAME
Personal name Singh, Sadhu
245 ## - TITLE STATEMENT
Title Experimental stress analysis
250 ## - EDITION STATEMENT
Edition statement 4th ed
260 ## - PUBLICATION, DISTRIBUTION, ETC. (IMPRINT)
Place of publication New Delhi
Name of publisher Khanna Publishers
Year of publication 2011
300 ## - PHYSICAL DESCRIPTION
Number of Pages 730p
942 ## - ADDED ENTRY ELEMENTS (KOHA)
Koha item type Books
Holdings
Withdrawn status Lost status Damaged status Collection code Home library Current library Shelving location Date acquired Source of acquisition Cost, normal purchase price Full call number Accession Number Koha item type
      Non-fiction KAUAET KAUAET General Stacks 31/03/2012 International Books & Periodicals Supply Service, Delhi 215.00 620.1102 SIN/EX 23108 Books
free website counter